| Tag |
First Indicator |
Second Indicator |
Subfields |
| LEADER |
00000cam a2200000 4500 |
| 001 |
in00000038681 |
| 005 |
20151007081218.0 |
| 008 |
730605s1935 eng u |
| 010 |
|
|
|a a 38000904
|
| 035 |
|
|
|a (OCoLC)00635897
|
| 035 |
|
|
|9 AAF6044AM
|
| 040 |
|
|
|c YNG
|d TXA
|d UtOrBLW
|
| 049 |
|
|
|a TXAM
|c [157565]
|
| 050 |
0 |
0 |
|a T59
|b .P43
|
| 092 |
|
|
|a 311.2
|b P361a
|
| 100 |
1 |
|
|a Pearson, E. S.
|q (Egon Sharpe),
|d 1895-1980.
|
| 245 |
1 |
4 |
|a The application of statistical methods to industrial standardisation and quality control /
|c by E. S. Pearson.
|
| 264 |
|
1 |
|a London :
|b British standards institution,
|c 1935.
|
| 300 |
|
|
|a 161 pages :
|b including tables (1 folded) diagrams (part folded)
|
| 336 |
|
|
|a text
|b txt
|2 rdacontent
|
| 337 |
|
|
|a unmediated
|b n
|2 rdamedia
|
| 338 |
|
|
|a volume
|b nc
|2 rdacarrier
|
| 490 |
0 |
|
|a British standards institution. [Report] no 600
|
| 500 |
|
|
|a "List of principal statistical books, papers, etc., referred to in the text": pages 132-133.
|
| 650 |
|
0 |
|a Standardization.
|
| 650 |
|
0 |
|a Standards, Engineering.
|
| 999 |
|
|
|a MARS
|
| 999 |
f |
f |
|s 2bc48ae8-52a7-34a7-9524-0eddd2de713c
|i 9364fbe2-09a0-31f2-892d-fd2e019ecafc
|t 0
|
| 952 |
f |
f |
|p ric
|a Texas A&M University
|b Rellis Campus
|c Joint Library Facility
|d Remote Storage
|t 0
|e T59 .P43
|h Library of Congress classification
|i unmediated -- volume
|m A14800653494
|
| 998 |
f |
f |
|a T59 .P43
|t 0
|l Remote Storage
|